Zdokonaľovanie organizačných štruktúr podnikateľských subjektov.
Základné princípy zdokonaľovania organizačných štruktúr v súčasných podmienkach prechodu na trhové hospodárstvo. Formovanie konfigurácie organizačnej štruktúry. Trh ako overovateľ účinnosti systému riadenia. Zdokonaľovanie podnikového manažmentu. Organizačná konfigurácia podnikateľského subjektu.
Salvato in:
| Autore principale: | |
|---|---|
| Natura: | Capitolo di libro |
| Lingua: | slovacco |
| Soggetti: | |
| Tags: |
Nessun Tag, puoi essere il primo ad aggiungerne!!
|
MARC
| LEADER | 00000naa a2200000 4500 | ||
|---|---|---|---|
| 001 | r006240 | ||
| 005 | 20221125080905.9 | ||
| 041 | 0 | |a slo | |
| 044 | |a [CS] | ||
| 245 | 1 | 0 | |a Zdokonaľovanie organizačných štruktúr podnikateľských subjektov. |c J. Bednárik |
| 520 | |a Základné princípy zdokonaľovania organizačných štruktúr v súčasných podmienkach prechodu na trhové hospodárstvo. Formovanie konfigurácie organizačnej štruktúry. Trh ako overovateľ účinnosti systému riadenia. Zdokonaľovanie podnikového manažmentu. Organizačná konfigurácia podnikateľského subjektu. | ||
| 610 | 2 | 0 | |a štruktúra organizačná |
| 610 | 2 | 0 | |a hospodárstvo trhové |
| 610 | 2 | 0 | |a systémy riadenia |
| 610 | 2 | 0 | |a riadenie podnikové |
| 610 | 2 | 0 | |a manažment |
| 610 | 2 | 0 | |a podnikanie |
| 100 | 1 | |a Bednárik, J. | |